| 000 | 01110nam2a22002171 4500 | ||
|---|---|---|---|
| 001 | rc\766700 | ||
| 005 | 20250622134957.0 | ||
| 035 | _a(NLR Aleph) 006323306 | ||
| 090 |
_a7471456 _c7471456 |
||
| 100 | _a20040301d1985 |||y0rusy50 ca | ||
| 101 | 0 | _arus | |
| 102 | _aRU | ||
| 105 | _ay ||||||||| | ||
| 200 | 0 | _aЧ. 1 | |
| 215 | _a191 с. | ||
| 461 | 0 |
_1001rc\766699 _12001#$aФизиология и биохимия медиаторных процессов$eТез. докл. IV всесоюз. конф., посвящ. 85-летию со дня рождения чл.-кор. АН СССР Х.С. Коштоянца, Москва, окт. 1985 г.$e[В 2 ч.]$vЧ. 1 _97471451 _cМ. _d1985 _nИБР _oТез. докл. IV всесоюз. конф., посвящ. 85-летию со дня рождения чл.-кор. АН СССР Х.С. Коштоянца, Москва, окт. 1985 г. : [В 2 ч.] _tФизиология и биохимия медиаторных процессов _vЧ. 1 |
|
| 801 | 0 |
_aRU _bNLR _gpsbo |
|
| 801 | 1 |
_aRU _bELAR _2rusmarc |
|
| 852 |
_aNLR _j85-3/14257 |
||
| 942 | _cBOOK | ||
| 980 | _aNB | ||